Kasvavat kunnat 2045 - Statistics

Yleistilastot
  • Tätä visaa on pelattu 113 kertaa
  • Keskiarvotulos 15 / 20
Vastaustilastot
% Väestö 2045 Maakunta Kunta % Oikein
132,3% 426 115 Uusimaa Espoo
100%
121,8% 836 250 Uusimaa Helsinki
100%
127,0% 321 240 Uusimaa Vantaa
100%
124,4% 323 629 Pirkanmaa Tampere
97%
118,8% 243 698 Varsinais-Suomi Turku
93%
119,8% 43 239 Pirkanmaa Nokia
82%
118,7% 46 019 Uusimaa Kerava
76%
120,5% 50 214 Uusimaa Kirkkonummi
76%
130,9% 30 158 Uusimaa Sipoo
76%
120,7% 56 914 Uusimaa Järvenpää
74%
124,5% 13 008 Uusimaa Kauniainen
71%
119,1% 29 776 Pirkanmaa Lempäälä
70%
121,4% 25 589 Pirkanmaa Pirkkala
70%
126,0% 52 927 Uusimaa Tuusula
70%
123,3% 45 543 Varsinais-Suomi Kaarina
66%
120,2% 54 453 Uusimaa Nurmijärvi
65%
119,1% 40 346 Pirkanmaa Kangasala
62%
131,9% 7 868 Pohjanmaa Luoto
57%
118,9% 6 934 Ahvenanmaa Jomala
56%
121,0% 24 044 Pohjois-Pohjanmaa Kempele
55%
Ehtoja vastaavia visoja ei löytynyt
Tulosjakauma
Jokaisen tuloksen saaneiden osuus
Persentiili vastausten määrän mukaan
Tuloshistoriasi
Et ole pelannut tätä visaa